000 00880nam a2200217 a 4500
001 000047746
003 DO-SdBNP
005 20251120123659.0
008 180730s2004 dr 000 0 spa d
040 _aDO-SdBNP
_bspa
_cBNPHU
082 4 _axxx
_bxxx
111 2 _aEncuentro interinstitucional sobre el sistema nacional de información estadística
_n(1:
_d2004 :
_cSanto Domingo)
_975348
245 1 0 _aPrimer encuentro interinstitucional sobre el sistema nacional de información estadística /
_cpresentación, Pablo Tactuk.
260 _aSanto Domingo, :
_bONE,
_c2004.
300 _a97 p. ;
_c29 cm.
500 _aCon los auspicios del programa de apoyo a la reforma y modernización del Poder Ejecutivo (Pro-Reforma)
590 _aInventariado, 2018/ YL
700 _aTactuk, Pablo
_epres.
_95774
710 _aOficina Nacional de Estadística
_975349
942 _2ddc
_cLBS1
999 _c47234
_d47234